Anglicko-slovenský a slovensko-anglický vreckový slovník /

Guardado en:
Detalles Bibliográficos
Autores principales: Smejkalová, Jana (Autor), Smrčinová, Dagmar (Autor), Herrmannová, Katarína (Autor), Hais, Karel (Autor)
Formato: Libro
Lenguaje:eslovaco
inglés
Publicado: Bratislava : Slovenské pedagogické nakladateľstvo, 1990
Edición:8.vyd.
Etiquetas: Agregar Etiqueta
Sin Etiquetas, Sea el primero en etiquetar este registro!

MARC

LEADER 00000nam a22000003a 4500
001 stu359
005 20150617225704.6
008 910523s1990----cs------------------slo-d
040 |a STU  |b slo 
041 0 |a slo  |a eng 
044 |a cs 
080 |a 801.323.2=20=854=854=20  |7 stu_us_auth*stu8388 
100 1 |a Smejkalová, Jana  |4 aut 
245 1 |a Anglicko-slovenský a slovensko-anglický vreckový slovník /  |c Aut.: Smejkalová,J. a kol 
250 |a 8.vyd. 
260 |a Bratislava :  |b Slovenské pedagogické nakladateľstvo,  |c 1990 
300 |a 799 s 
700 1 |a Smrčinová, Dagmar  |4 aut 
700 1 |a Herrmannová, Katarína  |4 aut 
700 1 |a Hais, Karel  |4 aut 
996 |b E71451  |c E*71451  |l EE05  |s P  |a 0  |w stu359_0002 
996 |b E71305  |c E*71305  |l EE06  |s P  |a 0  |w stu359_0003 
996 |b E71046  |c E*71046  |l EE12  |s P  |a 0  |w stu359_0004 
996 |b E71524  |c E*71524  |l EE15  |s P  |a 0  |w stu359_0005